| 000 | 00370nam a2200121Ia 4500 | ||
|---|---|---|---|
| 008 | 210430s9999 xx 000 0 und d | ||
| 082 | _a547.192 K451B | ||
| 100 |
_aKhalil Dr.Iqtidar Ahmad,Shah Dr.Hamid Ullah _954952 |
||
| 245 |
_aBio-Chemical Techniques _cKhalil Dr.Iqtidar Ahmad,Shah Dr.Hamid Ullah |
||
| 260 |
_aIslamabad _c2012 |
||
| 300 | _a301p. | ||
| 942 |
_cBK _2ddc |
||
| 999 |
_c565871 _d565871 |
||